000 00319nam a22001337a 4500
008 170615b xxu||||| |||| 00| 0 eng d
020 _a9781604267297
041 _aeng
080 _211TH
_a32
100 _a20
101 _aSHP
245 _aISSUES FOR DEBATE IN AMERICAN PUBLIC POLICY
_cCOLIN, TH.J
942 _2udc
_cBK
999 _c17652
_d17652